El nuevo marco tridimensional / (Registro nro. 13724)

Detalles MARC
000 -LIDER
fixed length control field 00720nam a22002297a 4500
003 - IDENTIFICACDOR DE NÚMERO DE CONTROL
control field DO-SdBNP
005 - DATE AND TIME OF LATEST TRANSACTION
control field 20250821111227.0
008 - ELEMENTOS DE LONGITUD FIJA
fixed length control field 210913b 2015 dr |||| 00| 0 spa d
020 ## - ISBN
International Standard Book Number 9789945166736
040 ## - FUENTE DE CATALOGACIÓN
Agencia que crea de manera original el registro BPMSU
Idioma de catalogación Spa.
Agencia que realiza la transcripción BPMSU
082 ## - NÚMERO DE CLASIFICACIÓN DECIMAL DE DEWEY
Classification number 150.195
Item number D919n 2015
Edition number 22
100 ## - ASIENTO PRINCIPAL -- NOMBRE PERSONAL
Nombre personal Dunker, José
Fechas asociadas con el nombre 1943 -
245 ## - MENCIÓN DE TITULO
Título El nuevo marco tridimensional /
Mención de responsabilidad José Dunker L. .
260 ## - PUBLICACIÓN, DISTRIBUCIÓN, ETC. (PIE DE IMPRENTA)
Lugar de publicación, distribución, etc Santo Domingo ,
Nombre del editor, distribuidor, etc. Editora Búho:
Fecha de publicación, distribución, etc 2015.
300 ## - DESCRIPCIÓN FÍSICA
Extensión 202 p.,
Otros detalles físicos il.
Dimensiones 21 cm.
500 ## - NOTA GENERAL
Nota general Incluyes datos Biografícos del autor el la contra portada.
504 ## - NOTA DE BIBLIOGRAFÍA, ETC.
Bibliography, etc Incluyes datos Bibliográficos 175 p. - 202 p.
650 #4 - ENCABEZAMIENTO DE MATERIA--TEMÁTICO
Término temático o nombre geográfico como elemento de entrada Tercera dimensión.
650 #4 - ENCABEZAMIENTO DE MATERIA--TEMÁTICO
Término temático o nombre geográfico como elemento de entrada Psicopatología
910 ## - VALIDACIÓN
Validación Mcabrera
942 ## - ADDED ENTRY ELEMENTS (KOHA)
Source of classification or shelving scheme Dewey Decimal Classification
Koha item type Libros
Existencias
Withdrawn status Lost status Source of classification or shelving scheme Damaged status Not for loan Collection code Home library Current library Date acquired Source of acquisition Total Checkouts Full call number Barcode Date last seen Price effective from Koha item type Copy number
    Dewey Decimal Classification     Colección Dominicana Biblioteca Pública Metropolitana Salomé Ureña Biblioteca Pública Metropolitana Salomé Ureña 03/28/2022 Editora Búho   BPMSU CD 150.195 D919n 2015 BPMSU22030122 03/28/2022 03/28/2022 Libros  
    Dewey Decimal Classification     Colección Dominicana Biblioteca Pública Metropolitana Salomé Ureña Biblioteca Pública Metropolitana Salomé Ureña 03/28/2022 Compra   BPMSU CD 150.195 D919n 2015 BPMSU25080054 08/21/2025 03/28/2022 Libros e.2
    Dewey Decimal Classification     Colección Dominicana Biblioteca Pública Metropolitana Salomé Ureña Biblioteca Pública Metropolitana Salomé Ureña 03/28/2022 Compra   BPMSU CD 150.195 D919n 2015 BPMSU25080055 08/21/2025 03/28/2022 Libros e.3